00301nam a2200121Ia 4500008004100000020001500041041000800056082001100064100001500075245005200090260002900142300000800171230822s2007 xx 000 0 und d a1845330803 aeng a725.98 aBROWN D.J. aBRIDGES THREE TGHOUSAND YEARS OF DEFYING NATURE bOCTOPUS PUBLISHINGc2007 a160